000 00753nam a22002297a 4500
999 _c9140
_d9140
003 AR-CdUCM
008 190327b ||||| |||| 00| 0 spa d
040 _aMUNICIPALIDAD PROVINCIAL DEL CUSCO
_cBIBLIOTECA MUNICIPAL DEL CUSCO
082 _a868 /
_bG21
100 _aGallegos, Luis
_925174
245 _aDicen que nos van a dar tierras (Q'oñi K'ucho) y otros relatos /
260 _aPuno :
_bSamuel Frisancho Pineda,
_c1983.
300 _a121 páginas ;
_bIlustraciones,
_c20 cm.
500 _aCon dedicatoria a Luis Nieto -- Donación de la familia Nieto
505 _aContenido : Cuentos
650 _aCuentos
_9312
650 _aLiteratura
_9416
650 _aNarrativa
_967
650 _aPuno
_93897
942 _2ddc
_cLIBROS
945 _admma